00639nam a22001937a 450000500170000001000150001702000260003203500140005803700130007208200100008524501370009526000440023227000750027630000210035150000190037270000190039170000160041070000190042620171114100934.0 aENG-121369 c900.00a9789380697178 aEN-104901 bDBAD/PUB a336.3 aTrends and progress in the financial sector :cedited by Nirmala Mohan, Annet Pearl [and] Zeenath Zarinab24th-27th September,2010 / aNew DelhibExcel India Publishersc2011 a61/28,Dalpat Singh Building, Pratik Market, MunirkabNew Delhie110067 a218p.c28cm(pbk) aIncludes index a Nirmala Mohan aAnnet Pearl aZeenath Zarina